000 nam a22 a 4500
999 _c4698
_d4698
003 AKMAL
005 20170731093005.0
008 170731s2017 my | e l 000 0 may d
020 _cRM37.00
040 _aAKMAL
082 0 4 _a343.59509944 MAL
_222
090 0 0 _a343.59509944
_bMAL
110 1 _aMalaysia
_9400
245 1 0 _aAkta Aktiviti Kerajaan Elektronik 2007 (Akta 680) :
_b(pindaan hingga 2007) /
_cdisusun oleh Penasihat Undang-Undang MDC
260 _aKuala Lumpur :
_bMDC Publishers,
_c2017.
300 _a17ms. ;
_c27cm.
490 1 _aUndang-undang Malaysia
599 _aDALAM PROSES
650 1 0 _aElectronic mail messages
_xLaw and legislation
_zMalaysia
_94651
650 2 0 _aElectronic mail systems
_zMalaysia
_94652
830 0 _aUNDANG-UNDANG MALAYSIA
_99015
942 _2ddc
_cBOOK
950 _lAKMAL